[Event "Turkey Cup 2020"]
[Site "Antalya-Belek"]
[Date "2020.02.02"]
[Round "11.50"]
[White "Caliskan, Seha"]
[Black "Baylav, Can"]
[Result "1-0"]
[WhiteElo "1673"]
[BlackElo "2176"]
[Annotator "TA"]
[PlyCount "31"]
[EventDate "2020.01.26"]
[EventType "swiss"]
[EventCountry "TUR"]
[SourceTitle "playchess.com"]
[Source "ChessBase"]
[SourceQuality "1"]

1. d4 Nf6 2. c4 e6 3. g3 d5 4. Bg2 Be7 5. Nf3 O-O 6. O-O dxc4 7. Qa4 c6 8. Qxc4 b5 9. Qb3 Bb7 10. Rd1 Nbd7 11. Ne5 Nxe5 12. dxe5 Nd7 13. Bf4 Qc7 14. Nc3 Nc5 15. Qc2 b4 16. Nb1 1-0

[Event "Turkey Cup 2020"]
[Site "Antalya-Belek"]
[Date "2020.02.02"]
[Round "11.51"]
[White "Ataer, Arda Burak"]
[Black "Alexanian, Nelli"]
[Result "0-1"]
[WhiteElo "1762"]
[BlackElo "2012"]
[Annotator "NA"]
[PlyCount "136"]
[EventDate "2020.01.26"]
[EventType "swiss"]
[EventCountry "TUR"]
[SourceTitle "playchess.com"]
[Source "ChessBase"]
[SourceQuality "1"]

1. e4 e6 2. d4 d5 3. e5 c5 4. c3 Nc6 5. Nf3 Qb6 6. a3 c4 7. Nbd2 Na5 8. Be2 Bd7 9. O-O Ne7 10. h4 f6 11. Qe1 O-O-O 12. Bd1 Nec6 13. Rb1 Nb3 14. Nxb3 cxb3 15. Bf4 Na5 16. Nd2 Be7 17. Bg3 f5 18. Be2 Bb5 19. Rc1 Kb8 20. Qd1 h6 21. f4 g5 22. hxg5 hxg5 23. Kf2 Rdg8 24. Rh1 Rxh1 25. Qxh1 Bxe2 26. Kxe2 Qb5+ 27. Ke3 Nc4+ 28. Nxc4 dxc4 29. Qh7 Re8 30. Qf7 Qc6 31. Kf2 gxf4 32. Bxf4 Bh4+ 33. g3 Be7 34. Rg1 a6 35. g4 Bh4+ 36. Bg3 Bxg3+ 37. Kxg3 fxg4 38. Rh1 Ka7 39. Rh7 Rd8 40. Qf4 Rg8 41. Qf7 Rg5 42. Qf8 Rf5 43. Qc5+ Qxc5 44. dxc5 Rxe5 45. c6 Kb6 46. cxb7 Ka7 47. Rh2 Re4 48. Rd2 Kxb7 49. Kf2 Kc6 50. Kg3 e5 51. Kf2 Rf4+ 52. Kg3 Rf1 53. Kxg4 Rc1 54. Kf3 Rc2 55. Ke3 Rxd2 56. Kxd2 Kd5 57. Ke3 Ke6 58. Ke4 Kf6 59. Ke3 Kf5 60. Kf3 e4+ 61. Ke3 Ke5 62. Ke2 Kf4 63. a4 a5 64. Kf2 e3+ 65. Ke2 Ke4 66. Ke1 Kd3 67. Kd1 e2+ 68. Ke1 Kc2 0-1

[Event "Turkey Cup 2020"]
[Site "Antalya-Belek"]
[Date "2020.02.02"]
[Round "11.52"]
[White "Demirbas, Emre"]
[Black "Koksal, Recep"]
[Result "1-0"]
[WhiteElo "1944"]
[BlackElo "1709"]
[Annotator "NA"]
[PlyCount "149"]
[EventDate "2020.01.26"]
[EventType "swiss"]
[EventCountry "TUR"]
[SourceTitle "playchess.com"]
[Source "ChessBase"]
[SourceQuality "1"]

1. Nf3 Nf6 2. c4 e6 3. b3 b6 4. g3 Bb7 5. Bg2 Be7 6. Bb2 O-O 7. O-O d6 8. Nc3 c5 9. d4 cxd4 10. Nxd4 Bxg2 11. Kxg2 a6 12. e3 Qc7 13. f4 Nc6 14. Nc2 Rfd8 15. Qf3 Rac8 16. Rfd1 Nb8 17. Rac1 Nbd7 18. Nd4 Nf8 19. g4 Ng6 20. Kg1 Bf8 21. g5 Ne8 22. Qg4 Ne7 23. h4 e5 24. Nd5 Qb7 25. Nf5 Nxd5 26. Rxd5 Qd7 27. Rcd1 g6 28. Nh6+ Bxh6 29. Qxd7 Rxd7 30. gxh6 exf4 31. exf4 f5 32. h5 Kf7 33. hxg6+ Kxg6 34. Kf2 Rc5 35. R5d3 Kf7 36. Bd4 Rc6 37. Rg1 d5 38. Be5 Rxh6 39. Rxd5 Rxd5 40. cxd5 Nf6 41. Bxf6 Rxf6 42. Ke3 Ke7 43. Kd4 Rf7 44. Ke5 Kd7 45. d6 h6 46. Rc1 Kd8 47. Ke6 Rh7 48. Rg1 Rh8 49. d7 h5 50. Rc1 Rh6+ 51. Kxf5 Kxd7 52. Kg5 Rh8 53. Rh1 Rg8+ 54. Kf5 Rf8+ 55. Ke5 Re8+ 56. Kd5 Rh8 57. Rh4 Rc8 58. Ke5 Rc2 59. Kf6 Rxa2 60. Rxh5 Rb2 61. Rh3 Kd6 62. Rc3 Kd5 63. f5 Re2 64. Kg7 b5 65. f6 a5 66. f7 Rg2+ 67. Kf6 Rf2+ 68. Ke7 Kd4 69. Rc8 Re2+ 70. Kd6 Rf2 71. f8=Q Rxf8 72. Rxf8 Kc3 73. Kc5 a4 74. bxa4 bxa4 75. Rf3+ 1-0

[Event "Turkey Cup 2020"]
[Site "Antalya-Belek"]
[Date "2020.02.02"]
[Round "11.53"]
[White "Yaylali, Adnan Dogan"]
[Black "Anacak, Hasan Gunes"]
[Result "1-0"]
[WhiteElo "1947"]
[BlackElo "1677"]
[Annotator "NA"]
[PlyCount "25"]
[EventDate "2020.01.26"]
[EventType "swiss"]
[EventCountry "TUR"]
[SourceTitle "playchess.com"]
[Source "ChessBase"]
[SourceQuality "1"]

1. Nc3 Nf6 2. d4 g6 3. e4 d6 4. Be2 Bg7 5. Be3 a5 6. e5 dxe5 7. dxe5 Qxd1+ 8. Rxd1 Ng4 9. Nd5 Bxe5 10. Bd4 O-O 11. Bxg4 Bxg4 12. Bxe5 f6 13. f3 1-0

[Event "Turkey Cup 2020"]
[Site "Antalya-Belek"]
[Date "2020.02.02"]
[Round "11.54"]
[White "Fazla, Onder Zafer"]
[Black "Arpa, Emre"]
[Result "0-1"]
[WhiteElo "1646"]
[BlackElo "1815"]
[Annotator "NA"]
[PlyCount "68"]
[EventDate "2020.01.26"]
[EventType "swiss"]
[EventCountry "TUR"]
[SourceTitle "playchess.com"]
[Source "ChessBase"]
[SourceQuality "1"]

1. c4 e5 2. Nc3 Nf6 3. g3 Nc6 4. Bg2 Bc5 5. e3 Qe7 6. Nge2 d6 7. Nd5 Nxd5 8. cxd5 Nd8 9. b4 Bb6 10. a4 a5 11. b5 f5 12. Nc3 Nf7 13. Bb2 Bd7 14. O-O h5 15. d4 h4 16. Ne2 hxg3 17. fxg3 g5 18. Qd3 O-O-O 19. Bc3 f4 20. Qd2 fxe3 21. Qxe3 Bg4 22. Bf3 Nh6 23. Bg2 Rde8 24. Bb2 Qh7 25. Be4 exd4 26. Qd3 Qxe4 27. Nc1 Qxd3 28. Nxd3 Be2 29. Nf2 Rhf8 30. Bc1 Bxf1 31. Bxg5 d3 32. Rxf1 Rxf2 33. Bxh6 Rf6+ 34. Kg2 Re2+ 0-1

[Event "Turkey Cup 2020"]
[Site "Antalya-Belek"]
[Date "2020.02.02"]
[Round "11.55"]
[White "Gozubuyukoglu, Selami"]
[Black "Tum, Hakan"]
[Result "1-0"]
[WhiteElo "1716"]
[BlackElo "1852"]
[Annotator "NA"]
[PlyCount "58"]
[EventDate "2020.01.26"]
[EventType "swiss"]
[EventCountry "TUR"]
[SourceTitle "playchess.com"]
[Source "ChessBase"]
[SourceQuality "1"]

1. e4 d5 2. exd5 Qxd5 3. Nc3 Qa5 4. Nf3 Nf6 5. d4 Bg4 6. Be2 Nc6 7. O-O O-O-O 8. Be3 e5 9. Ng5 Be6 10. Nxe6 fxe6 11. Nb5 a6 12. Bd2 Qb6 13. Nc3 Nxd4 14. Bd3 Be7 15. Qe1 Rhf8 16. Ne4 h5 17. b4 Qc6 18. Bc3 Nd5 19. Bxd4 exd4 20. Rb1 Nf4 21. b5 Nxd3 22. cxd3 axb5 23. Qa5 b6 24. Qd2 Qd5 25. Rfc1 Kb7 26. Qc2 Bd6 27. a4 bxa4 28. Qxa4 Rf4 29. Rb5 Ra8 1-0

[Event "Turkey Cup 2020"]
[Site "Antalya-Belek"]
[Date "2020.02.02"]
[Round "11.56"]
[White "Cam, Vedat"]
[Black "Kayan, Yasar Efe"]
[Result "1-0"]
[WhiteElo "1879"]
[BlackElo "1641"]
[Annotator "NA"]
[PlyCount "135"]
[EventDate "2020.01.26"]
[EventType "swiss"]
[EventCountry "TUR"]
[SourceTitle "playchess.com"]
[Source "ChessBase"]
[SourceQuality "1"]

1. d4 e6 2. c4 d5 3. Nc3 Nf6 4. Bg5 c6 5. e3 Bd6 6. Nf3 O-O 7. Bd3 h6 8. Bxf6 Qxf6 9. Qb3 b6 10. cxd5 exd5 11. O-O Bg4 12. Nd2 Qh4 13. g3 Qg5 14. Rfe1 h5 15. h4 Qf6 16. Nxd5 cxd5 17. Qxd5 Nd7 18. Ne4 Qf5 19. Qxd6 Bf3 20. Qf4 Qxf4 21. gxf4 Nf6 22. Nxf6+ gxf6 23. Be2 Bxe2 24. Rxe2 Rac8 25. f5 Rfe8 26. f3 Rc4 27. Kf2 Kf8 28. Rd1 Ke7 29. Rd3 Rec8 30. Rd1 Rc2 31. Ke1 Kd6 32. Rxc2 Rxc2 33. Rd2 Rc1+ 34. Kf2 Rh1 35. Kg3 Rg1+ 36. Kh2 Ra1 37. a3 a5 38. Kg2 b5 39. Kg3 Ra2 40. Kf4 b4 41. axb4 a4 42. Ke4 a3 43. Rd3 axb2 44. Rb3 Kc6 45. b5+ Kb6 46. Kd5 Ra3 47. Rxb2 Rxe3 48. Rc2 Rxf3 49. Rc6+ Kxb5 50. Rxf6 Rf4 51. Rxf7 Rxh4 52. Rb7+ Ka6 53. Rb1 Rf4 54. Ke5 Rf2 55. Rh1 Kb5 56. Rxh5 Kc6 57. d5+ Kd7 58. Rh7+ Ke8 59. d6 Re2+ 60. Kf6 Rd2 61. Re7+ Kd8 62. Re6 Kd7 63. Kg7 Rf2 64. Kg6 Rg2+ 65. Kf7 Rh2 66. Rg6 Rh7+ 67. Kg8 Rh5 68. f6 1-0

[Event "Turkey Cup 2020"]
[Site "Antalya-Belek"]
[Date "2020.02.02"]
[Round "11.58"]
[White "Temizer, Umut"]
[Black "Kervancioglu, Talu"]
[Result "1-0"]
[WhiteElo "1927"]
[BlackElo "1539"]
[Annotator "NA"]
[PlyCount "83"]
[EventDate "2020.01.26"]
[EventType "swiss"]
[EventCountry "TUR"]
[SourceTitle "playchess.com"]
[Source "ChessBase"]
[SourceQuality "1"]

1. e4 g6 2. d4 c5 3. Nf3 cxd4 4. Nxd4 Bg7 5. Nc3 Nc6 6. Be3 Nf6 7. Bc4 Qa5 8. O-O O-O 9. Bb3 d6 10. f3 Bd7 11. Qd2 Nxd4 12. Bxd4 Bc6 13. Rad1 Nd7 14. Bxg7 Kxg7 15. Rfe1 Rac8 16. Re2 Nc5 17. Bd5 Qb6 18. Qd4+ e5 19. Qe3 Qxb2 20. Bxc6 Rxc6 21. Nd5 Ne6 22. c4 Qd4 23. Rxd4 Nxd4 24. Rb2 Rxc4 25. h4 b6 26. h5 Ne6 27. f4 exf4 28. h6+ Kxh6 29. Nxf4 Kg7 30. Nd5 Nc5 31. Rb4 Rc2 32. Qf4 f6 33. Qxd6 Rc1+ 34. Kh2 Re1 35. Nf4 g5 36. Ne6+ Nxe6 37. Qxe6 Re2 38. Rd4 Rf7 39. Rd8 Rc2 40. e5 Rc5 41. exf6+ Rxf6 42. Rg8+ 1-0

[Event "Turkey Cup 2020"]
[Site "Antalya-Belek"]
[Date "2020.02.02"]
[Round "11.62"]
[White "Hasanoglu, Hakan"]
[Black "Kisadere, Kutay"]
[Result "1/2-1/2"]
[WhiteElo "1554"]
[BlackElo "1831"]
[Annotator "NA"]
[PlyCount "45"]
[EventDate "2020.01.26"]
[EventType "swiss"]
[EventCountry "TUR"]
[SourceTitle "playchess.com"]
[Source "ChessBase"]
[SourceQuality "1"]

1. d4 Nf6 2. c4 e6 3. g3 d5 4. Nf3 Be7 5. Bg2 O-O 6. O-O dxc4 7. Qa4 a6 8. Qxc4 b5 9. Qc2 Bb7 10. Bd2 Be4 11. Qc1 b4 12. Bf4 Bd6 13. Nbd2 Bxf4 14. gxf4 Bb7 15. Qc2 Qd6 16. f5 Nbd7 17. e4 Qf4 18. fxe6 fxe6 19. Rfe1 Kh8 20. Rac1 Rac8 21. e5 Nd5 22. Re4 Qf5 23. Rh4 1/2-1/2

[Event "Turkey Cup 2020"]
[Site "Antalya-Belek"]
[Date "2020.02.02"]
[Round "11.63"]
[White "Durucay, Uygar"]
[Black "Benk, Tolga Tugay"]
[Result "0-1"]
[WhiteElo "1544"]
[BlackElo "1821"]
[Annotator "NA"]
[PlyCount "60"]
[EventDate "2020.01.26"]
[EventType "swiss"]
[EventCountry "TUR"]
[SourceTitle "playchess.com"]
[Source "ChessBase"]
[SourceQuality "1"]

1. d4 d6 2. Bf4 Nf6 3. e3 g6 4. Nd2 Bg7 5. Be2 O-O 6. Ngf3 Nfd7 7. c3 e5 8. O-O exf4 9. exf4 Nf6 10. g3 Re8 11. Ne1 Bh3 12. Ng2 c6 13. Re1 Bxg2 14. Kxg2 Nbd7 15. h4 c5 16. Nf3 Qb6 17. Rb1 Re7 18. b4 cxd4 19. Nxd4 Ne4 20. Qd3 Nxc3 21. Qxc3 Bxd4 22. Qf3 Qc6 23. Rbd1 Bc3 24. Rc1 Qxf3+ 25. Kxf3 Bxe1 26. Rxe1 Rae8 27. g4 d5 28. h5 d4 29. hxg6 hxg6 30. g5 d3 0-1

[Event "Turkey Cup 2020"]
[Site "Antalya-Belek"]
[Date "2020.02.02"]
[Round "11.64"]
[White "Gur, Tuba"]
[Black "Avanoglu, Nurulllah"]
[Result "1-0"]
[WhiteElo "1782"]
[BlackElo "1569"]
[Annotator "NA"]
[PlyCount "71"]
[EventDate "2020.01.26"]
[EventType "swiss"]
[EventCountry "TUR"]
[SourceTitle "playchess.com"]
[Source "ChessBase"]
[SourceQuality "1"]

1. Nf3 d5 2. d4 Nf6 3. e3 c6 4. Bd3 h6 5. O-O Bg4 6. Nbd2 Nbd7 7. c4 e6 8. Qc2 dxc4 9. Bxc4 Nb6 10. Bd3 Bd6 11. b3 Nfd5 12. a3 Rc8 13. h3 Bxf3 14. Nxf3 O-O 15. b4 f5 16. Ne5 Nd7 17. f4 Nxe5 18. fxe5 Be7 19. Rf3 Bg5 20. Qf2 a5 21. bxa5 Qxa5 22. Bd2 Qd8 23. Rf1 c5 24. e4 Bxd2 25. Qxd2 Ne7 26. Bc4 Rc6 27. d5 exd5 28. exd5 Kh8 29. d6 Rc8 30. Qd3 Nc6 31. Rxf5 Rxf5 32. Qxf5 Nd4 33. Qg6 Qg5 34. d7 Qxg6 35. dxc8=Q+ Kh7 36. Qg8# 1-0

[Event "Turkey Cup 2020"]
[Site "Antalya-Belek"]
[Date "2020.02.02"]
[Round "11.65"]
[White "Baylav, Bartu"]
[Black "Kalinoglu, Yagiz"]
[Result "1-0"]
[WhiteElo "1777"]
[BlackElo "1304"]
[Annotator "NA"]
[PlyCount "129"]
[EventDate "2020.01.26"]
[EventType "swiss"]
[EventCountry "TUR"]
[SourceTitle "playchess.com"]
[Source "ChessBase"]
[SourceQuality "1"]

1. d4 d5 2. c4 c6 3. cxd5 cxd5 4. Nf3 Nf6 5. Nc3 Nc6 6. Bg5 h6 7. Bf4 e6 8. e3 Bd6 9. Bxd6 Qxd6 10. Bd3 O-O 11. O-O Re8 12. Nb5 Qe7 13. Rc1 a6 14. Nc3 Bd7 15. Bb1 Rad8 16. Ne5 Nxe5 17. dxe5 Nh7 18. Qd3 g6 19. f4 Bc6 20. Qd4 Kg7 21. Rf3 Nf8 22. Rg3 Kg8 23. h4 h5 24. Rh3 Nd7 25. Kh2 Qc5 26. Rg1 b5 27. g4 hxg4 28. Rxg4 b4 29. Ne2 Kf8 30. Qd2 Ke7 31. Nd4 Qb6 32. Bxg6 fxg6 33. Rxg6 Rc8 34. Rxe6+ Kd8 35. Rd6 Qc5 36. Qg2 Bb5 37. Rg3 Kc7 38. Rg7 Kb8 39. Nxb5 Qxb5 40. Rdxd7 a5 41. Rb7+ Qxb7 42. Rxb7+ Kxb7 43. Qxd5+ Kb6 44. Kg3 a4 45. f5 Rg8+ 46. Kf4 a3 47. bxa3 bxa3 48. f6 Rcf8 49. Kf5 Kc7 50. f7 Rh8 51. Kg6 Rd8 52. Qc5+ Kd7 53. Qd6+ Kc8 54. Qe7 Rdf8 55. Kg7 Kb8 56. Qxf8+ Rxf8 57. Kxf8 Kc7 58. Ke7 Kc6 59. f8=Q Kb5 60. Qc8 Kb4 61. Qc6 Ka5 62. Qb7 Ka4 63. Kd6 Ka5 64. Kc5 Ka4 65. Qb5# 1-0

[Event "Turkey Cup 2020"]
[Site "Antalya-Belek"]
[Date "2020.02.02"]
[Round "11.66"]
[White "Koc, Aylin"]
[Black "Ekici, Kaan Muhammed"]
[Result "0-1"]
[WhiteElo "1500"]
[BlackElo "1738"]
[Annotator "NA"]
[PlyCount "122"]
[EventDate "2020.01.26"]
[EventType "swiss"]
[EventCountry "TUR"]
[SourceTitle "playchess.com"]
[Source "ChessBase"]
[SourceQuality "1"]

1. e4 c5 2. Nf3 e6 3. d4 cxd4 4. Nxd4 a6 5. Nc3 Qc7 6. Qd3 b5 7. Qg3 Qxg3 8. hxg3 Bb7 9. Bd3 Nf6 10. a3 d5 11. exd5 Nxd5 12. Nxd5 Bxd5 13. O-O Nd7 14. Re1 Nc5 15. Bf5 Be7 16. Bg4 O-O 17. Bf3 Rfd8 18. Nc6 Bxc6 19. Bxc6 Rac8 20. Bf3 Bf6 21. Rb1 a5 22. Rd1 Rxd1+ 23. Bxd1 b4 24. Be3 Ne4 25. axb4 axb4 26. Bf3 Nd6 27. Bd2 Rb8 28. b3 h6 29. Rd1 Nf5 30. Kf1 g5 31. g4 Ne7 32. Be3 Rc8 33. Be4 Bc3 34. Rd7 Kf8 35. Bb7 Rb8 36. Bc5 Bf6 37. Bd6 Re8 38. Bxb4 Kg7 39. Bxe7 Bxe7 40. Ke2 f5 41. Rc7 Kf6 42. f3 fxg4 43. fxg4 Bd6 44. Rd7 Bc5 45. c3 Ke5 46. Rc7 Bg1 47. Bf3 Kf4 48. Rf7+ Kg3 49. Kf1 Be3 50. Be2 Bf4 51. Bf3 e5 52. Rf6 e4 53. Be2 Ra8 54. Ba6 Rd8 55. Be2 Bd2 56. Rxh6 Rf8+ 57. Kg1 Be3+ 58. Kh1 Kf2 59. Bc4 Rd8 60. Kh2 Bf4+ 61. Kh3 Rd1 0-1

[Event "Turkey Cup 2020"]
[Site "Antalya-Belek"]
[Date "2020.02.02"]
[Round "11.67"]
[White "Altun, Arda"]
[Black "Topcuoglu, Ata"]
[Result "1-0"]
[WhiteElo "2200"]
[BlackElo "1721"]
[Annotator "ChessBase"]
[PlyCount "41"]
[EventDate "2020.01.26"]
[EventType "swiss"]
[EventCountry "TUR"]
[SourceTitle "playchess.com"]
[Source "ChessBase"]
[SourceQuality "1"]

1. e4 d5 2. exd5 Qxd5 3. Nc3 Qd6 4. d4 Nf6 5. Nf3 c6 6. Ne5 Nbd7 7. f4 g6 8. g4 Bg7 9. Bg2 Nb6 10. O-O h5 11. g5 Bg4 12. Nxg4 Nxg4 13. Ne2 Qe6 14. Qd3 O-O-O 15. h3 f5 16. hxg4 fxg4 17. Be4 Qd6 18. Bxg6 e6 19. c3 h4 20. f5 Rdf8 21. f6 1-0

[Event "Turkey Cup 2020"]
[Site "Antalya-Belek"]
[Date "2020.02.02"]
[Round "11.68"]
[White "Celebi, Orhan"]
[Black "Hanci, Ilker"]
[Result "1-0"]
[WhiteElo "1834"]
[BlackElo "1571"]
[Annotator "NA"]
[PlyCount "65"]
[EventDate "2020.01.26"]
[EventType "swiss"]
[EventCountry "TUR"]
[SourceTitle "playchess.com"]
[Source "ChessBase"]
[SourceQuality "1"]

1. e4 Nc6 2. d4 e5 3. dxe5 Nxe5 4. Nf3 Nxf3+ 5. gxf3 Bc5 6. Nc3 d6 7. Qd3 Bd7 8. Be3 Bxe3 9. Qxe3 Nf6 10. O-O-O Qe7 11. Kb1 O-O 12. h4 Rfe8 13. h5 h6 14. Bd3 d5 15. Rdg1 Kh8 16. Rg3 c5 17. Rhg1 d4 18. Qc1 Rg8 19. Nd5 Nxd5 20. exd5 Qf6 21. b3 a5 22. a4 b5 23. axb5 a4 24. Qa3 axb3 25. Rxg7 Qxg7 26. Rxg7 bxc2+ 27. Bxc2 Kxg7 28. Qxc5 Bxb5 29. Qxd4+ f6 30. Qe4 Kf7 31. Qe6+ Kg7 32. Qe7+ Kh8 33. Qh7# 1-0

[Event "Turkey Cup 2020"]
[Site "Antalya-Belek"]
[Date "2020.02.02"]
[Round "11.69"]
[White "Uzuner, Tufan Can"]
[Black "Ozdemir, Metin"]
[Result "1-0"]
[WhiteElo "1939"]
[BlackElo "1435"]
[Annotator "NA"]
[PlyCount "87"]
[EventDate "2020.01.26"]
[EventType "swiss"]
[EventCountry "TUR"]
[SourceTitle "playchess.com"]
[Source "ChessBase"]
[SourceQuality "1"]

1. d4 d5 2. Nf3 Bf5 3. c4 c6 4. Nc3 e6 5. g3 h6 6. Bg2 Nf6 7. Qb3 Qc8 8. Ne5 Nbd7 9. cxd5 cxd5 10. O-O Be7 11. Bf4 O-O 12. Rac1 Qd8 13. Qxb7 Rb8 14. Qxa7 Rxb2 15. Nc6 Qe8 16. Nxe7+ Qxe7 17. Qa6 Qd8 18. a4 g5 19. Be5 Nxe5 20. dxe5 Nd7 21. f4 Nc5 22. Qa7 Nb3 23. Rce1 Qa8 24. Qxa8 Rxa8 25. fxg5 hxg5 26. Nxd5 Rxa4 27. Ne7+ Kg7 28. Nxf5+ exf5 29. Rxf5 Kg6 30. Rf6+ Kg7 31. Bd5 Ra7 32. Rb6 Ra3 33. Rf1 Ra7 34. Rxb3 Rxe2 35. Rbf3 Rxe5 36. Rxf7+ Rxf7 37. Bxf7 Ra5 38. Rf2 Ra1+ 39. Kg2 Ra7 40. Bh5 Rc7 41. Rb2 Kh6 42. Bf3 Rd7 43. Rb6+ Kg7 44. Rb7 1-0

[Event "Turkey Cup 2020"]
[Site "Antalya-Belek"]
[Date "2020.02.02"]
[Round "11.70"]
[White "Zavalsiz, Adem"]
[Black "Muftuoglu, Musa Emin"]
[Result "0-1"]
[WhiteElo "1559"]
[BlackElo "1834"]
[Annotator "NA"]
[PlyCount "96"]
[EventDate "2020.01.26"]
[EventType "swiss"]
[EventCountry "TUR"]
[SourceTitle "playchess.com"]
[Source "ChessBase"]
[SourceQuality "1"]

1. e4 e6 2. d4 d5 3. Nc3 Nf6 4. e5 Nfd7 5. Be3 c5 6. Bb5 Nc6 7. Nf3 a6 8. Be2 cxd4 9. Bxd4 Qc7 10. O-O Ndxe5 11. Re1 f6 12. Bxe5 fxe5 13. Ng5 Be7 14. h4 O-O 15. Nxd5 exd5 16. Qxd5+ Kh8 17. Nf7+ Rxf7 18. Qxf7 Bd7 19. Bd3 Be8 20. Qc4 Rd8 21. Rad1 Rd4 22. Qe6 Rxh4 23. g3 Rh6 24. Qg4 Bh5 25. Qc4 Bxd1 26. Rxd1 Qd8 27. c3 Rd6 28. Qe4 g6 29. b4 b5 30. Qe2 Bf6 31. a3 Ne7 32. Bc2 Nd5 33. Bb3 Nxc3 34. Qg4 Kg7 35. Qe6 Ne2+ 36. Kg2 Nd4 37. Qf7+ Kh6 38. Bd5 Qe7 39. Qg8 e4 40. Qa8 e3 41. fxe3 Qxe3 42. Qxa6 Be5 43. Qb7 Qxg3+ 44. Kf1 Qd3+ 45. Kg1 Ne2+ 46. Kf2 Bd4+ 47. Ke1 Nc3 48. Bg8 Qe3+ 0-1

[Event "Turkey Cup 2020"]
[Site "Antalya-Belek"]
[Date "2020.02.02"]
[Round "11.73"]
[White "Saglam, Emrah Sitki"]
[Black "Gundogan, Sinem Cagla"]
[Result "1/2-1/2"]
[WhiteElo "1614"]
[BlackElo "1808"]
[Annotator "NA"]
[PlyCount "180"]
[EventDate "2020.01.26"]
[EventType "swiss"]
[EventCountry "TUR"]
[SourceTitle "playchess.com"]
[Source "ChessBase"]
[SourceQuality "1"]

1. e4 e5 2. Nf3 Nc6 3. Bb5 a6 4. Bxc6 dxc6 5. Nc3 Bc5 6. Nxe5 Bxf2+ 7. Kxf2 Qd4+ 8. Ke1 Qxe5 9. d3 Bd7 10. Qf3 O-O-O 11. Be3 Nf6 12. h3 h5 13. Kd2 Qa5 14. a3 Rhe8 15. b4 Qe5 16. Bf4 Qd4 17. Be3 Qd6 18. Bf4 Qd4 19. Be3 Qe5 20. Bf4 Qe7 21. Rae1 Be6 22. Bg5 c5 23. e5 cxb4 24. axb4 Ne4+ 25. Nxe4 Qxb4+ 26. Nc3 Bd5 27. Qf5+ Rd7 28. Rb1 Qa5 29. Ra1 Qc5 30. Be3 Qc6 31. Nxd5 Qxd5 32. Qf3 Qxf3 33. gxf3 Rxe5 34. Rhg1 g6 35. Rg5 Rxg5 36. Bxg5 Rd5 37. h4 Rf5 38. Ke3 a5 39. Ke4 b6 40. c4 Kd7 41. d4 c6 42. Bf4 Rf6 43. d5 b5 44. dxc6+ Rxc6 45. cxb5 Rc4+ 46. Ke3 a4 47. Bg5 Ke6 48. Kd3 Rb4 49. Re1+ Kd5 50. Re7 Rb3+ 51. Ke2 Rb2+ 52. Kd1 a3 53. Kc1 Rxb5 54. Rxf7 a2 55. Bf6 Ke6 56. Rf8 Rf5 57. Ra8 Kxf6 58. Rxa2 Rxf3 59. Ra4 Rf2 60. Kd1 Kf5 61. Ke1 Rf4 62. Ra5+ Kg4 63. Rg5+ Kxh4 64. Rxg6 Kh3 65. Rg5 h4 66. Rg8 Kh2 67. Ke2 h3 68. Rg7 Kh1 69. Rg3 Kh2 70. Rg8 Ra4 71. Kf2 Ra2+ 72. Kf3 Rg2 73. Rh8 Rg7 74. Kf2 Rf7+ 75. Ke2 Rf4 76. Rg8 Kh1 77. Rg3 Kh2 78. Rg8 Rb4 79. Kf2 Rb2+ 80. Kf1 Rc2 81. Rg7 Rc3 82. Kf2 Kh1 83. Rg3 Rc2+ 84. Kf3 h2 85. Rg8 Rc1 86. Kf2 Rg1 87. Rh8 Rg6 88. Ra8 Rf6+ 89. Kg3 Rf1 90. Ra2 Rg1+ 1/2-1/2

[Event "Turkey Cup 2020"]
[Site "Antalya-Belek"]
[Date "2020.02.02"]
[Round "11.74"]
[White "Arslan, Tayfun"]
[Black "Var, Sefa"]
[Result "1/2-1/2"]
[WhiteElo "1462"]
[BlackElo "1739"]
[Annotator "NA"]
[PlyCount "73"]
[EventDate "2020.01.26"]
[EventType "swiss"]
[EventCountry "TUR"]
[SourceTitle "playchess.com"]
[Source "ChessBase"]
[SourceQuality "1"]

1. e4 c5 2. Nf3 d6 3. d4 cxd4 4. Nxd4 Nf6 5. Nc3 a6 6. a4 e5 7. Nb3 Be7 8. Bd3 Be6 9. O-O Nc6 10. h3 O-O 11. Kh1 d5 12. exd5 Nxd5 13. Nxd5 Qxd5 14. Qe2 Qd7 15. Be3 Bxb3 16. cxb3 Nd4 17. Qh5 f5 18. Rad1 g6 19. Qh6 Bf6 20. Bxd4 exd4 21. Qd2 Qd6 22. Rfe1 Kg7 23. b4 Rae8 24. b5 Bd8 25. bxa6 Bc7 26. f4 bxa6 27. b3 Rd8 28. Re5 Qa3 29. Re6 Qxb3 30. Re7+ Rf7 31. Rxf7+ Kxf7 32. Rc1 Qb8 33. Qa2+ Kg7 34. Qe6 Bxf4 35. Qe7+ Kh6 36. Qh4+ Kg7 37. Qe7+ 1/2-1/2

[Event "Turkey Cup 2020"]
[Site "Antalya-Belek"]
[Date "2020.02.02"]
[Round "11.75"]
[White "Kiziltas, Inanc Vefa"]
[Black "Ozeler, Nedim"]
[Result "1-0"]
[WhiteElo "1803"]
[BlackElo "1667"]
[Annotator "NA"]
[PlyCount "57"]
[EventDate "2020.01.26"]
[EventType "swiss"]
[EventCountry "TUR"]
[SourceTitle "playchess.com"]
[Source "ChessBase"]
[SourceQuality "1"]

1. e4 e5 2. Nf3 Nc6 3. Bc4 Bc5 4. O-O Nf6 5. d4 Bxd4 6. Nxd4 Nxd4 7. Bg5 d6 8. f4 Be6 9. fxe5 dxe5 10. Bxf6 gxf6 11. Bxe6 fxe6 12. c3 Nc6 13. Qb3 Kf7 14. Qxb7 Qd7 15. Na3 Rab8 16. Qa6 Rb6 17. Qa4 Nb8 18. Qxa7 Ra6 19. Qf2 Qe7 20. Nc4 Nd7 21. Rad1 Ke8 22. b3 Qc5 23. a4 Qxf2+ 24. Rxf2 Ke7 25. Rfd2 Rd8 26. b4 Rxa4 27. Na5 Rc8 28. Rxd7+ Ke8 29. Rxh7 1-0

[Event "Turkey Cup 2020"]
[Site "Antalya-Belek"]
[Date "2020.02.02"]
[Round "11.76"]
[White "Demir, Zeki"]
[Black "Bilgin, Kaan Bora"]
[Result "1-0"]
[WhiteElo "1703"]
[BlackElo "1267"]
[Annotator "NA"]
[PlyCount "63"]
[EventDate "2020.01.26"]
[EventType "swiss"]
[EventCountry "TUR"]
[SourceTitle "playchess.com"]
[Source "ChessBase"]
[SourceQuality "1"]

1. d4 Nf6 2. c4 e6 3. Nc3 Bb4 4. Nf3 b6 5. Bg5 Bb7 6. Nd2 d6 7. Qa4+ Nc6 8. d5 Bxc3 9. bxc3 Qd7 10. dxc6 Bxc6 11. Qc2 Nh5 12. e3 Qc8 13. Be2 g6 14. Bf3 Qb7 15. O-O Bxf3 16. Nxf3 f6 17. Bh4 g5 18. Bg3 O-O-O 19. Nd4 e5 20. Nf5 Nxg3 21. fxg3 Kb8 22. a4 h5 23. a5 h4 24. g4 h3 25. g3 Rd7 26. Rf2 Rhd8 27. axb6 cxb6 28. e4 Qc6 29. Qd3 Rc8 30. Ne3 Rf7 31. Rd1 Kc7 32. Rdf1 1-0

[Event "Turkey Cup 2020"]
[Site "Antalya-Belek"]
[Date "2020.02.02"]
[Round "11.77"]
[White "Atasoy, Ata"]
[Black "Ozsarilar, Osman Nuri"]
[Result "0-1"]
[WhiteElo "1527"]
[BlackElo "1724"]
[Annotator "NA"]
[PlyCount "60"]
[EventDate "2020.01.26"]
[EventType "swiss"]
[EventCountry "TUR"]
[SourceTitle "playchess.com"]
[Source "ChessBase"]
[SourceQuality "1"]

1. e4 c5 2. Nc3 g6 3. d4 cxd4 4. Qxd4 Nf6 5. Nf3 Nc6 6. Qa4 Ng4 7. h3 Nge5 8. Nxe5 Nxe5 9. Be3 Bg7 10. Be2 O-O 11. Nd5 Nc6 12. c3 e6 13. Nb4 Qc7 14. O-O a5 15. Rfd1 Rb8 16. Nxc6 bxc6 17. Bc5 Rxb2 18. Bxf8 Bxf8 19. Qc4 d5 20. Qd3 Qe5 21. Bf3 Bd6 22. g3 Bc5 23. Bg2 Rxf2 24. Kh1 Ba6 25. Qxa6 Qxg3 26. Qf1 Rxf1+ 27. Rxf1 Bd6 28. Kg1 dxe4 29. Rab1 Qh2+ 30. Kf2 Bc5+ 0-1